书目信息 |
| 题名: |
神农本草经解读50味
|
|
| 作者: | 丁兆平 主编 | |
| 分册: | ||
| 出版信息: | 北京 华夏出版社 2009.06 |
|
| 页数: | 479页 | |
| 开本: | 21cm | |
| 丛书名: | ||
| 单 册: | ||
| 中图分类: | R281.2 | |
| 科图分类: | ||
| 主题词: | 中药学 | |
| 电子资源: | ||
| ISBN: | 978-7-5080-5274-8 | |
| 000 | 00626nam0 2200205 450 | |
| 001 | 1141285515 | |
| 005 | 20111226112926.84 | |
| 010 | @a978-7-5080-5274-8@dCNY35.00 | |
| 100 | @a20111226d2009 km y0chiy0120 ea | |
| 101 | 0 | @achi |
| 102 | @aCN@b110000 | |
| 105 | @ay z 000yy | |
| 200 | 1 | @a神农本草经解读50味@Ashen nong ben cao jing jie du 50 wei@f丁兆平主编@Fding zhao ping zhu bian |
| 210 | @a北京@c华夏出版社@d2009.06 | |
| 215 | @a479页@d21cm | |
| 606 | 0 | @a中药学 |
| 690 | @aR281.2@v4 | |
| 701 | 0 | @a丁兆平@Ading zhao ping@4主编 |
| 801 | 0 | @aCN@b大连网信软件有限公司图书馆·11@c20111226 |
| 905 | @aZUCC@dR281.2@eD600@f3 | |
| 神农本草经解读50味/丁兆平主编.-北京:华夏出版社,2009.06 |
| 479页;21cm |
| ISBN 978-7-5080-5274-8:CNY35.00 |
| ● |
| 相关链接 |
|
|
|
正题名:神农本草经解读50味
索取号:R281.2/D600
 
预约/预借
| 序号 | 登录号 | 条形码 | 馆藏地/架位号 | 状态 | 备注 |
| 1 | 1066662 | 210666625 | 自科库401/401自科库 12排1列4层/ [索取号:R281.2/D600] | 在馆 | |
| 2 | 1066663 | 210666634 | 自科库401/401自科库 12排1列4层/ [索取号:R281.2/D600] | 在馆 | |
| 3 | 1066664 | 210666643 | 自科库401/401自科库 12排1列4层/ [索取号:R281.2/D600] | 在馆 |